Research summary energy saving home improvements (Record no. 115134)

MARC details
000 -LEADER
fixed length control field 01165cad a22002055a 4500
001 - CONTROL NUMBER
control field L158091
008 - FIXED-LENGTH DATA ELEMENTS--GENERAL INFORMATION
fixed length control field 140501s2014 xxk f 000 0 eng d
035 ## - SYSTEM CONTROL NUMBER
System control number (Sirsi) u158091
041 0# - LANGUAGE CODE
Language code of text/sound track or separate title eng
110 2# - MAIN ENTRY--CORPORATE NAME
Corporate name or jurisdiction name as entry element United Kingdom
Subordinate unit Department of Energy and Climate Change
9 (RLIN) 5850
245 00 - TITLE STATEMENT
Title Research summary energy saving home improvements
Remainder of title Consumer preferences for incentives
-- Analysis of omnibus survey questions
Medium [electronic resource]
260 ## - PUBLICATION, DISTRIBUTION, ETC.
Place of publication, distribution, etc. London
Name of publisher, distributor, etc. DECC
Date of publication, distribution, etc. 2014
520 ## - SUMMARY, ETC.
Summary, etc. Qualitative research designed to build the evidence base around recent home buyers and inform decisions around the design and presentation of the Green Deal incentive scheme. Research consisted of questions which helped to contribute to the Green Deal evidence base and to inform particular aspects of Green Deal policy design.
590 ## - LOCAL NOTE (RLIN)
Local note KA
651 #4 - SUBJECT ADDED ENTRY--GEOGRAPHIC NAME
Geographic name United Kingdom
690 ## - LOCAL SUBJECT ADDED ENTRY--TOPICAL TERM (OCLC, RLIN)
Topical term or geographic name as entry element Energy
9 (RLIN) 6237
690 ## - LOCAL SUBJECT ADDED ENTRY--TOPICAL TERM (OCLC, RLIN)
Topical term or geographic name as entry element Sustainability
9 (RLIN) 6271
856 40 - ELECTRONIC LOCATION AND ACCESS
Uniform Resource Identifier <a href="https://www.gov.uk/government/uploads/system/uploads/attachment_data/file/307733/Omnibus_research_summary_on_incentives_v1.0_Final_for_publication_010514.pdf">https://www.gov.uk/government/uploads/system/uploads/attachment_data/file/307733/Omnibus_research_summary_on_incentives_v1.0_Final_for_publication_010514.pdf</a>
Public note View the item free of charge at www.gov.uk/government
942 ## - ADDED ENTRY ELEMENTS (KOHA)
Suppress in OPAC 0
Holdings
Withdrawn status Lost status Source of classification or shelving scheme Damaged status Not for loan Home library Current library Shelving location Date acquired Total Checkouts Full call number Barcode Date last seen Copy number Price effective from Koha item type
    Dewey Decimal Classification     Virtual Virtual Online 01/05/2014   ONLINE PUBLICATION 158091-2001 06/08/2019 1 06/08/2019 Book